000 00555nam a2200181 4500
005 20230913155134.0
010 _aENG-138039
020 _c500.00
_a9789393622099
035 _aEN-121571
037 _bDBAD/PUB
082 _a881
100 _aFernando R.Vinitha
_956576
245 _aEnglish Language & Literature/
_cBy R.Vinitha Fernando
_hENGLISH
260 _a Tamilnadu
_bInnovation Online Training Academy [IOTA]
_c2022
270 _bCoimbatore
_a11C,Brindha Layout
300 _a111p
_c25cm(pbk)
942 _2ddc
_cEN
_h881
_mENG
999 _c198061
_d198061